000 00699cam a22002411 4500
001 34035
003 BD-RjUL
005 20211209052109.0
008 140514s1965 1963 nyua 000 0 eng
035 _a(BD-RjUL)34129
040 _aDLC
_cODaWU
_dCoU-M
_dBD-RjUL
_beng
041 _aeng
082 _a301.15
_bLIO 1965
100 1 _aLitterer, Joseph August,
_d1926-
_9103445
245 1 0 _aOrganizations :
_bstructure and behavior /
260 _aNew York :
_bWiley,
_cc1963 [Printed 1965].
300 _a418 p. :
_billus. ;
_c27 cm.
650 0 _aIndustrial management.
_9103446
650 0 _aIndustrial sociology.
_9103447
942 _2ddc
_cBK
999 _c34035
_d34035